Principles of microeconomics

Thinking like an economist -- Comparative advantage -- Supply and demand -- Demand and elasticity -- Perfectly competitive supply -- Efficiency, exchange, and the invisible hand in action -- Monopoly, oligopoly, and monopolistic competition -- Games and strategic behavior -- Externalities and proper...

Full description

Saved in:
Bibliographic Details
Main Author: Frank, Robert H.
Other Authors: Bernanke, Ben., Johnston, Louis
Format: Book
Language:English
Published: New York McGraw-Hill/Irwin 2011
Edition:Brief 2nd ed.
Series:The McGraw-Hill series economics
Subjects:
Tags: Add Tag
No Tags, Be the first to tag this record!
Institutions: Mạng thư viện Đại học Đà Nẵng
LEADER 01664nam a2200373 4500
001 000021106
003 17553
005 20150403150416.0
008 150403s2011 engsd
020 |a 0077316770 (pbk. : alk. paper)  |a 9780077316778 (pbk. : alk. paper) 
041 0 |a eng 
082 0 0 |a 338.5|222  |b FR-R 
100 1 |a Frank, Robert H. 
245 1 0 |a Principles of microeconomics  |c Robert H. Frank, Ben S. Bernanke ; with special contribution by Louis D. Johnston. 
250 |a Brief 2nd ed. 
260 |a New York  |b McGraw-Hill/Irwin  |c 2011 
300 |a xxxi, 304, [14] p.  |b ill. (chiefly col.)  |c 28 cm. 
490 |a The McGraw-Hill series economics 
500 |a Includes index. 
520 3 |a Thinking like an economist -- Comparative advantage -- Supply and demand -- Demand and elasticity -- Perfectly competitive supply -- Efficiency, exchange, and the invisible hand in action -- Monopoly, oligopoly, and monopolistic competition -- Games and strategic behavior -- Externalities and property rights -- Using economics to make better policy choices. 
650 0 4 |a Economics 
653 |a Kinh tế 
700 1 |a Bernanke, Ben. 
700 1 |a Johnston, Louis  |q (Louis Dorrance) 
OWN |a LSP 
AVA |a UDN50  |b LSP  |d 338.5|222 FR-R  |e available  |t Error 5001 Not defined in file expand_doc_bib_avail.  |f 2  |g 0  |h N  |i 0  |k 1 
999 |a From the UDN01 
AVA |a UDN50  |b LSP  |d 338.5|222 FR-R  |e available  |t Error 5001 Not defined in file expand_doc_bib_avail.  |f 2  |g 0  |h N  |i 0  |k 1 
TYP |a Monograph 
TYP |a Printed language 
980 |a Mạng thư viện Đại học Đà Nẵng